000
00332nam a2200157Ia 4500
100
_a
Patranabis/D
250
_a
2
942
_c
BK
654
_a
process control
245
_a
Principles of Process control
260
_b
Tata Mc Graw hill
_c
1996
082
_a
660.2815
_b
PAT
300
_a
407
546
_a
ENGLISH
999
_c
31351
_d
31351